| 000 | 00583nam a2200193 a 4500 | ||
|---|---|---|---|
| 003 | PILC | ||
| 005 | 20150608143859.0 | ||
| 008 | 100722s19uu xx 00 eng d | ||
| 020 | _a98124448985 | ||
| 050 |
_aHF 55415.5 _b.D249 2005 |
||
| 082 |
_aMnSF 658.401 _bD28 2005 |
||
| 100 |
_aDavid, Fred R. _916846 |
||
| 245 |
_aStrategic Managment : _bAn integrated approach / |
||
| 250 | _a10th ed. | ||
| 260 |
_aSingapore : _bPearson Education South Asia Pte Ltd, _c2005. |
||
| 300 |
_a432 pages : _billustrations ; _c26 cm. |
||
| 650 |
_aManagement strategy _916728 |
||
| 942 |
_2lcc _cBK |
||
| 999 |
_c14669 _d14669 |
||